000 00315nam a2200097Ia 4500
008 241105s9999 xx 000 0 und d
041 _aeng
100 _aKhatod Namrata
_9182676
245 _aSite Planning And Landscape Development For Winery And Associated Vineyard In Nashik
260 _bM Arch Landscape, Pune
_c2014
999 _c360967
_d360967